000 00368nam a22001577a 4500
003 macl
005 20150530172133.0
008 150530b xxu||||| |||| 00| 0 eng d
040 _cmacl
082 _a001
100 _aRatnam,Dr. Kamla
_9115
245 _aAmazing History Quiz
260 _aDelhi
_bMahanada Prakashan
_c2012
650 _aG.K.
_9116
942 _2ddc
_cBK
999 _c49777
_d49777